Z DEJÍN VRANOVA

Bibliographic Details
Main Author: Michnovič, Imrich, 1940- (Author)
Format: Article
Language:Slovak

MARC

LEADER 00000nab a2200000ua 4500
001 vtls010784366
003 SK-MaSNL
005 20260303120228.0
008 230131s1975 xo |||||||||||||||||slo|
035 |a (urnnbn)urn:nbn:sk:snk:ar-003dxj 
035 |a (uuid)e675525e-dfe9-41d0-af38-73a188a83148 
035 |a urn:nbn:sk:snk-ab41u0 
040 |a SNKBUCL  |b slo  |c SNKBUCL  |e AACR2 
041 0 |a slo 
044 |a xo  |c SK 
100 1 |a Michnovič, Imrich,  |d 1940-  |4 aut  |9 196545 
245 1 0 |a Z DEJÍN VRANOVA  |c Imrich Michnovič 
773 0 |t Vlastivedný časopis : časopis pre vlastivednú prácu, kultúrnu históriu, pamiatky a múzeá  |g Roč. 24, č. 3 (1975), s. 127-131 
954 |a odborná, vedecká literatúra pôvodná (slovenská)  |2 lita 
958 |a OND 
958 |a EUIPO 
958 |a article3 
999 |c 1908164  |d 1910094